书目信息 |
| 题名: |
AutoCAD2016中文版基础教程:全图解视频版
|
|
| 作者: | ;九天科技 | |
| 分册: | ||
| 出版信息: | 北京 中国铁道出版社 2016.05 |
|
| 页数: | 288页 | |
| 开本: | 26cm | |
| 丛书名: | ||
| 单 册: | ||
| 中图分类: | TP391.72 | |
| 科图分类: | ||
| 主题词: | 计算机应用 | |
| 电子资源: | ||
| ISBN: | 978-7-113-21245-2 | |
| 000 | 00709nam0 2200229 450 | |
| 001 | 3578 | |
| 005 | 20160926161252.21 | |
| 010 | @a978-7-113-21245-2@b平装@dCNY39.80 | |
| 092 | @bAutoCA | |
| 100 | @a20151001d2016 km y0chiy0120 ea | |
| 101 | 0 | @achi |
| 102 | @aCN@b110000 | |
| 200 | 1 | @aAutoCAD2016中文版基础教程:全图解视频版@AAutoCAD2016 zhong wen ban ji chu jiao cheng:quan tu jie shi pin ban@f九天科技@Fjiu tian ke ji |
| 210 | @a北京@c中国铁道出版社@d2016.05 | |
| 215 | @a288页@d26cm | |
| 300 | @a附光盘 | |
| 330 | @aAutoCAD软件·教材 | |
| 606 | 0 | @a计算机应用 |
| 690 | @aTP391.72@v4 | |
| 711 | 02 | @a九天科技@Ajiu tian ke ji |
| 801 | 0 | @aCN@b唐山师范学院图书馆@c20151001 |
| 905 | @aZUCC@dTP391.72@e1051 | |
| AutoCAD2016中文版基础教程:全图解视频版/九天科技.-北京:中国铁道出版社,2016.05 |
| 288页;26cm |
| 附光盘 |
| ISBN 978-7-113-21245-2(平装):CNY39.80 |
| AutoCAD软件·教材 |
| ● |
| 相关链接 |
|
|
|
|
正题名:AutoCAD2016中文版基础教程:全图解视频版
索取号:TP391.72/1051
 
预约/预借
| 序号 | 登录号 | 条形码 | 馆藏地/架位号 | 状态 | 备注 |
| 1 | 905558 | 209055582 | 第二样本阅览室/ [索取号:TP391.72/1051] | 在馆 | |
| 2 | 905559 | 209055591 | 密集书库—计算机科学学院/ [索取号:TP391.72/1051] | 在馆 | |
| 3 | 905560 | 209055608 | 第三借阅区/ [索取号:TP391.72/1051] | 在馆 | |
| 4 | 905561 | 209055617 | 第三借阅区/ [索取号:TP391.72/1051] | 在馆 | |
| 5 | 905562 | 209055626 | 第三借阅区/ [索取号:TP391.72/1051] | 在馆 |